00900nam a2200217Ia 4500008004100000020001700041040001400058082002300072100004500095245010000140260003800240300001300278365002900291366000800320440003000328505002000358620007300378630010000451650003100551730010000582100315s9999 xx 000 0 und d a0471595381  cENGLISH  b3532 a658.4013  a"George, Stephen, Weimerskirch, Arnold " aTotal Quality Manmagement : Strategies & Techniques Proven at Today's Most Successful Companies aNew York bJOHN WILEY  c1994  a286p.   eRupees d1 b1478.00  f0  aThe Portablr MBA Series  gTushar Jadhav  a"The New Management MODEL, leadership, Customer Focus, Management " aTotal Quality Manmagement : Strategies & Techniques Proven at Today's Most Successful Companies aTotal Quality Management  aTotal Quality Manmagement : Strategies & Techniques Proven at Today's Most Successful Companies